Perfil cultural de Latinoamérica (Registro nro. 6525)

Detalles MARC
000 -CABECERA
Longitud fija campo de control 00645nam a22002051 4500
001 - NÚMERO DE CONTROL
Número de control bimo0001732307
003 - IDENTIFICADOR DELl NÚMERO DE CONTROL
Identificador del número de control OSt
005 - FECHA Y HORA DE LA ÚLTIMA TRANSACCIÓN
Fecha y hora de la última transacción 20140131092553.0
008 - CÓDIGOS DE INFORMACIÓN DE LONGITUD FIJA
Códigos de información de longitud fija 010710s1967 sp spa
040 ## - FUENTE DE LA CATALOGACIÓN
Centro transcriptor BMC
082 ## - NÚMERO DE LA CLASIFICACIÓN DECIMAL DEWEY
Númeroo de clasificación 980
100 10 - PUNTO DE ACCESO PRINCIPAL-NOMBRE DE PERSONA
Nombre de persona Clissold, Stephen,‏
9 (RLIN) 12616
Fechas asociadas al nombre 1790-1863‏
245 10 - MENCIÓN DE TÍTULO
Título Perfil cultural de Latinoamérica
Mención de responsabilidad, etc. Stephen Clissold ; traducción de J. M. García de la Mora
260 0# - PUBLICACIÓN, DISTRIBUCIÓN, ETC. (PIE DE IMPRENTA)
Lugar de publicación, distribución, etc. Barcelona
Nombre del editor, distribuidor, etc. Labor
Fecha de publicación, distribución, etc. 1967
300 ## - DESCRIPCIÓN FÍSICA
Extensión 125 p.
Dimensiones 19 cm
490 0# - MENCIÓN DE SERIE
Mención de serie Nueva Colección Labor
Designación de volumen o secuencia 51
651 24 - PUNTO DE ACCESO ADICIONAL DE MATERIA - NOMBRE GEOGRÁFICO
9 (RLIN) 12626
Nombre geográfico América latina
Subdivisión de materia general Civilización
700 1# - PUNTO DE ACCESO ADICIONAL - NOMBRE DE PERSONA
Nombre de persona García de la Mora, José Manuel
9 (RLIN) 12617
942 ## - ENTRADA DE ELEMENTOS AGREGADOS (KOHA)
Fuente de clasificaión o esquema Dewey Decimal Classification
Koha [por defecto] tipo de item 1- Monografias
Existencias
Suprimido Perdido Fuente de clasificación o esquema Estropeado Restricciones de uso No para préstamo Código de colección Localización permanente Localización actual Localización en estanter&íacute;as Fecha adquisición Fuente de adquisición Número de inventario Préstamos totales Signatura completa Código de barras Fecha última consulta Fecha último préstamo Coste, precio reemplazado Fecha del precio de reemplazo Tipo de item de Koha
NULL NULL Dewey Decimal Classification NULL Prestable NULL NULL Biblioteca Miguel de Cervantes - UNICAES Biblioteca Miguel de Cervantes - UNICAES Sala Principal 29/01/2014 Donación - Mayorga Rivas 010579 1 980 CLI per 1010579 22/03/2023 20/03/2023 10.00 29/01/2014 1- Monografias